000
00311nam a22001217a 4500
020
_a
9789382974000
082
_a
630.33
_b
ARV/HA
100
_a
Aravind Goyal
_9
995
245
_a
Hand Book of Environmental Agriculture Economics
260
_a
Delhi
_b
Navyug Books International
_c
2013
300
_a
248
942
_c
BK
999
_c
14578
_d
14578